00481nam a2200157Ia 4500008004100000020001800041050001400059100002200073245002900095245009400124260001800218260003800236260000900274300001400283300002600297180207s9999 xx 000 0 und d a9789715162432 bC961 2006 aCuanzon, Perla H. aJoy-joy, the jolly boy / cPerla H. Cuanzon ; illustrated by Jomar S. Montinola ; colors by Llyoyd Guiller D. Ybera. aPhilippines : bMerryland Publishing Corporation. c2006 aunpaged : bcolor illustrations ;